Statistiken für Weihnachtslieder-Emoji

Klicken Sie hier um das Quiz zu spielen!

Allgemein

  • Dieses Quiz wurde 158 mal gespielt
  • Das Durchschnittsergebnis liegt bei 6 aus 14

Antwortstatistiken

EmojisLied% Korrekt
😱🌲Oh Tannenbaum
91%
🔇🌨️❄️Leise rieselt der Schnee
71%
🔇🌃😇🌃Stille Nacht
63%
🎶🔔🎶Kling Glöckchen
46%
⏮🎄🎁💝Last Christmas
44%
❄️⚪️👗Schneeflöckchen Weißröckchen
43%
🎸🔁🎄Rockin' around the christmas tree
39%
🚗🏡🎅🎄Drivin' home for christmas
37%
🍭🔔🔔❌🎶Süßer die Glocken nie klingen
35%
🦌🔴👃🦌Rudolph the red nosed reindeer
34%
🎅🎄🍪🥐In der Weihnachtsbäckerei
31%
🥁👦Little drummer boy
25%
🔴🕯️Dicke rote Kerzen
13%
🎄💡💡🔥Am Weihnachtsbaume die Lichter brennen
11%

Verteilung der Resultate

Perzentil nach korrekt beantworteten Fragen

Anzahl Personen mit jedem Resultat

Ihre Resultats-Entwicklung

Sie haben dieses Quiz noch nicht gespielt